| 000 | 00567nam a22001937a 4500 | ||
|---|---|---|---|
| 003 | OSt | ||
| 005 | 20251205010528.0 | ||
| 008 | 251205b |||||||| |||| 00| 0 eng d | ||
| 020 | _a9715690165 | ||
| 040 |
_aDWCL - Main _cOC |
||
| 082 | _aFil. 899.21 J62p 1991 | ||
| 100 |
_aJoaquin, Nick _eAuthor |
||
| 245 |
_aProse and poems / _cNick Joaquin |
||
| 260 |
_aMakati City, Philippines: _bBookmark, Inc., _cc1991. |
||
| 300 |
_axv, 475 p.; _c17 cm. |
||
| 490 | _aFilipino Literary classics | ||
| 650 | _a1. Philippine poetry -- Collections. | ||
| 942 |
_2ddc _cBK-FIL _n0 |
||
| 999 |
_c6885 _d6885 |
||